Hog cholera and its eradication : a review of U.S. experience

Spremljeno u:
Bibliografski detalji
Format: Knjiga
Jezik:Undetermined
Izdano: [Washington, D.C.] U.S. Dept. of Agriculture, Animal and Plant Health Inspection Service 1981
Teme:
Oznake: Dodaj oznaku
Bez oznaka, Budi prvi tko označuje ovaj zapis!
Thư viện lưu trữ: Trung tâm Học liệu Trường Đại học Cần Thơ
LEADER 00582nam a2200193Ia 4500
001 CTU_126019
008 210402s9999 xx 000 0 und d
082 |a 636.4 
082 |b H714 
245 0 |a Hog cholera and its eradication : 
245 2 |b a review of U.S. experience 
260 |a [Washington, D.C.] 
260 |b U.S. Dept. of Agriculture, Animal and Plant Health Inspection Service 
260 |c 1981 
650 |a Hog cholera 
650 |x Prevention,History 
650 |z United States 
904 |i Hiếu 
980 |a Trung tâm Học liệu Trường Đại học Cần Thơ